20 Biggest Cities in Kansas - Statistics

General Stats
  • This quiz has been taken 60 times
  • The average score is 12 of 20
Answer Stats
Hint Answer % Correct
395,484 Wichita
98%
151,811 Kansas City
95%
196,874 Overland Park
95%
125,154 Topeka
95%
149,419 Olathe
88%
53,523 Manhattan
86%
96,632 Lawrence
83%
27,440 Dodge City
76%
45,441 Salina
64%
70,074 Shawnee
62%
58,865 Lenexa
57%
36,938 Leavenworth
52%
27,152 Garden City
48%
39,546 Hutchinson
43%
24,109 Emporia
38%
21,492 Junction City
33%
26,406 Derby
29%
34,010 Leawood
26%
26,031 Gardner
17%
22,878 Prairie Village
12%
No matching quizzes found
Score Distribution
Percent of People with Each Score
Percentile by Number Answered
Your Score History
You have not taken this quiz